| 000 | 01394aam a22003254i 4500 | ||
|---|---|---|---|
| 001 | 768714001 | ||
| 003 | CO-MdFUSB | ||
| 005 | 20250516104344.0 | ||
| 008 | 170915b1989 mx ||||| |||| 00| 0 spa d | ||
| 020 | _a966002707 | ||
| 040 |
_aCO-MdFUSB _bspa _cCO-MdFUSB _dCO-MdFUSBC _erda |
||
| 041 | 0 | _aspa | |
| 082 |
_222 _a248.2 _bG394a |
||
| 100 | 1 |
_aGetz , Gene A. _eautor |
|
| 245 | 0 | 0 |
_aAnimándonos unos a otros _c/ Gene A. Getz |
| 264 | 1 |
_aPuebla , México : _bEdiciones las américas, _c[1989] |
|
| 264 | 4 | _c©1989 | |
| 300 |
_a180 páginas : _c20 cm. |
||
| 336 |
_2rdacontent _atexto _btxt |
||
| 337 |
_2rdamedia _asin mediación _bn |
||
| 338 |
_2rdacarrier _avolumen _bnc |
||
| 490 | _aSerie unos a otros | ||
| 505 | _aPrefacio - Agradecimientos -- Congregándose unos a otros - El gran Consolador - Bernabé : el hijo de consolación, primer acto - Bernabé : el hijo de consolación, segundo acto -- Bernabé : el hijo de consolación, tercer acto - Viviendo por Cristo en un mundo clasificación "C" - Un mensaje de ánimo - Viviendo por Cristo es un mundo incrédulo - Otro mensaje de aliento - El modelo que Pablo utilizaba para animar a otros - Animándonos unos a otros con palabras - El Dios de toda la consolación. | ||
| 563 | _aRústico | ||
| 650 | 0 |
_919 _aVida cristiana |
|
| 653 | _aFraternidad | ||
| 653 | _aComunión | ||
| 942 | _cBK | ||
| 945 | _aElías Tolentino | ||
| 999 |
_c44733 _d44733 |
||